000 00173nam a2200073Ia 4500
008 170524s9999 xx 000 0 und d
100 _aRATHOR- B.S
245 0 _aExport Management
260 _bDelhi : Himalya
999 _c8568
_d8568